000 00338nam a22001453 4500
001 206756
005 20250609143127.0
090 _a206756
100 _a20250609 ukry50
101 _aukr
102 _aUA
200 _a
210 _d2025
801 _2unimarc
_aUA
_gpsbo
942 _cNEWSPAPER